<?xml version="1.0" encoding="UTF-8"?>
<record
    xmlns:xsi="http://www.w3.org/2001/XMLSchema-instance"
    xsi:schemaLocation="http://www.loc.gov/MARC21/slim http://www.loc.gov/standards/marcxml/schema/MARC21slim.xsd"
    xmlns="http://www.loc.gov/MARC21/slim">

  <leader>01421cam a2200373 a 4500</leader>
  <controlfield tag="001">8540126</controlfield>
  <controlfield tag="005">20220326193339.0</controlfield>
  <controlfield tag="008">081208s2008    dr a     c    000 0 spa d</controlfield>
  <datafield tag="020" ind1=" " ind2=" ">
    <subfield code="a">9789945421347 (hbk.)</subfield>
  </datafield>
  <datafield tag="020" ind1=" " ind2=" ">
    <subfield code="a">9945421344 (hbk.)</subfield>
  </datafield>
  <datafield tag="035" ind1=" " ind2=" ">
    <subfield code="a">(OCoLC)ocn312631666</subfield>
  </datafield>
  <datafield tag="035" ind1=" " ind2=" ">
    <subfield code="a">(OCoLC)312631666</subfield>
  </datafield>
  <datafield tag="035" ind1=" " ind2=" ">
    <subfield code="a">(NNC)8540126</subfield>
  </datafield>
  <datafield tag="040" ind1=" " ind2=" ">
    <subfield code="a">NNMM</subfield>
    <subfield code="c">MZA</subfield>
  </datafield>
  <datafield tag="041" ind1="1" ind2=" ">
    <subfield code="a">spa</subfield>
    <subfield code="a">fre</subfield>
  </datafield>
  <datafield tag="082" ind1=" " ind2=" ">
    <subfield code="a">759.972.93</subfield>
    <subfield code="b">G463d</subfield>
  </datafield>
  <datafield tag="100" ind1="1" ind2=" ">
    <subfield code="a">Cordero, Garc&#xED;a,</subfield>
    <subfield code="d">1951-</subfield>
    <subfield code="9">4279</subfield>
  </datafield>
  <datafield tag="245" ind1="1" ind2="0">
    <subfield code="a">Garc&#xED;a Cordero :</subfield>
    <subfield code="b">el divino yo /</subfield>
    <subfield code="c">Laura Gil Fiallo [Texto], Garc&#xED;a Cordero [Curador], Lyle O. Reitzel [Curador]</subfield>
  </datafield>
  <datafield tag="260" ind1=" " ind2=" ">
    <subfield code="a">[Santo Domingo] :</subfield>
    <subfield code="b">Orange Dominicana,</subfield>
    <subfield code="c">[2008]</subfield>
  </datafield>
  <datafield tag="300" ind1=" " ind2=" ">
    <subfield code="a">1 v. (unpaged) :</subfield>
    <subfield code="b">ill. (col.) ;</subfield>
    <subfield code="c">28 cm.</subfield>
  </datafield>
  <datafield tag="505" ind1=" " ind2=" ">
    <subfield code="t">Carlos Garaicoa / Alma Ruiz</subfield>
    <subfield code="t">Carlos Garaicoa: Selected Works</subfield>
    <subfield code="t">City Fragments / Adriano Pedrosa</subfield>
    <subfield code="t">A conversation with Carlos Garaicoa / Lorenzo Fusi</subfield>
    <subfield code="t">Unfaithful Readings / Orlando Hern&#xE1;ndez</subfield>
  </datafield>
  <datafield tag="546" ind1=" " ind2=" ">
    <subfield code="a">Text in Spanish and French.</subfield>
  </datafield>
  <datafield tag="600" ind1="1" ind2="0">
    <subfield code="a">Cordero, Garc&#xED;a,</subfield>
    <subfield code="d">1951-</subfield>
    <subfield code="v">Catalogs.</subfield>
    <subfield code="v">Cat&#xE1;logos</subfield>
    <subfield code="9">4280</subfield>
  </datafield>
  <datafield tag="650" ind1=" " ind2=" ">
    <subfield code="a">Pintores dominicanos</subfield>
    <subfield code="9">4281</subfield>
  </datafield>
  <datafield tag="650" ind1=" " ind2=" ">
    <subfield code="a">Pintura</subfield>
    <subfield code="v">Colecciones Particulares</subfield>
    <subfield code="9">4282</subfield>
  </datafield>
  <datafield tag="700" ind1="1" ind2=" ">
    <subfield code="a">Gil Fiallo, Laura.</subfield>
    <subfield code="9">4283</subfield>
  </datafield>
  <datafield tag="700" ind1="1" ind2=" ">
    <subfield code="a">Reitzel, Lyle O. [Curador]</subfield>
    <subfield code="9">4284</subfield>
  </datafield>
  <datafield tag="700" ind1="1" ind2=" ">
    <subfield code="a">Ruiz, Alma</subfield>
    <subfield code="9">4306</subfield>
  </datafield>
  <datafield tag="700" ind1="1" ind2=" ">
    <subfield code="a">Pedrosa, Adriano</subfield>
    <subfield code="9">1495</subfield>
  </datafield>
  <datafield tag="700" ind1="1" ind2=" ">
    <subfield code="a">Fusi, Lorenzo</subfield>
    <subfield code="9">4307</subfield>
  </datafield>
  <datafield tag="700" ind1="1" ind2=" ">
    <subfield code="a">Hern&#xE1;ndez, Orlando</subfield>
    <subfield code="9">3037</subfield>
  </datafield>
  <datafield tag="948" ind1="1" ind2=" ">
    <subfield code="a">20110310</subfield>
    <subfield code="b">c</subfield>
    <subfield code="c">fra1</subfield>
    <subfield code="d">OSMC</subfield>
  </datafield>
  <datafield tag="999" ind1=" " ind2=" ">
    <subfield code="c">801</subfield>
    <subfield code="d">801</subfield>
  </datafield>
  <datafield tag="952" ind1=" " ind2=" ">
    <subfield code="0">0</subfield>
    <subfield code="1">0</subfield>
    <subfield code="2">ddc</subfield>
    <subfield code="4">0</subfield>
    <subfield code="7">0</subfield>
    <subfield code="a">LV</subfield>
    <subfield code="b">LV</subfield>
    <subfield code="c">Monograf&#xED;as</subfield>
    <subfield code="d">2015-11-30</subfield>
    <subfield code="l">0</subfield>
    <subfield code="o">759.972.93 G463d</subfield>
    <subfield code="p">000788</subfield>
    <subfield code="r">2015-11-30 00:00:00</subfield>
    <subfield code="w">2015-11-30</subfield>
    <subfield code="y">01</subfield>
  </datafield>
</record>
